Všeobecné zásady komunikácie sestry s pacientom/klientom

Návod ako v ošetrovateľskej praxi uplatňovať všeobecné zásady komunikácie. Verbálna a neverbálna komunikácie sestry s pacientom. Nepriama komunikácia, oficiálna, monologická a dialogická komunikácia. Individuálny prístup k pacientovi. Bariéry komunikácie. Zásady komunikácie sestry s pacientom/klient...

Descrizione completa

Salvato in:
Dettagli Bibliografici
Autore principale: Gulášová, Ivica
Altri autori: Breza, Ján, Görnerová, Lenka
Natura: Capitolo di libro
Lingua:slovacco
Soggetti:
Tags: Aggiungi Tag
Nessun Tag, puoi essere il primo ad aggiungerne!!

MARC

LEADER 00000nla a2200000 4500
001 0222066
005 20240417075108.5
041 0 |a slo 
044 |a CZ 
245 1 0 |a Všeobecné zásady komunikácie sestry s pacientom/klientom  |c Ivica Gulášová, Ján Breza, Lenka Görnerová 
520 |a Návod ako v ošetrovateľskej praxi uplatňovať všeobecné zásady komunikácie. Verbálna a neverbálna komunikácie sestry s pacientom. Nepriama komunikácia, oficiálna, monologická a dialogická komunikácia. Individuálny prístup k pacientovi. Bariéry komunikácie. Zásady komunikácie sestry s pacientom/klientom. 
610 2 0 |a zdravotníctvo 
610 2 0 |a komunikácia neverbálna 
610 2 0 |a komunikácia verbálna 
610 2 0 |a starostlivosť o zdravie 
610 2 0 |a klienti 
610 2 0 |a empatia 
100 1 |a Gulášová, Ivica 
700 1 |a Breza, Ján 
700 1 |a Görnerová, Lenka